header

Facilitation made easy (Record no. 100532)

MARC details
000 -LEADER
fixed length control field 01275nam a2200337Ia 4500
082 04 - DEWEY DECIMAL CLASSIFICATION NUMBER
Classification number 658.312404
100 1# - MAIN ENTRY--AUTHOR NAME
Personal name Cameron, Esther.
245 10 - TITLE STATEMENT
Title Facilitation made easy
250 ## - EDITION STATEMENT
Edition statement 3rd ed.
260 ## - PUBLICATION, DISTRIBUTION, ETC. (IMPRINT)
Place of publication London :
Name of publisher Kogan Page,
Year of publication 2005.
300 ## - PHYSICAL DESCRIPTION
Number of Pages vii, 166 p. :
Other physical details ill.
500 ## - GENERAL NOTE
General note Previous ed.: 2001.
650 #0 - SUBJECT ADDED ENTRY--TOPICAL TERM
Topical Term Employees
Topical Term Forums (Discussion and debate)
Topical Term Group facilitation.
856 40 - ELECTRONIC LOCATION AND ACCESS
Uniform Resource Identifier http://site.ebrary.com/lib/rucke/Doc?id=10106656

No items available.

© 2026 Rongo University
Contact us: librarian | system librarian | Rongo university